Моделированиеисточника загрязнения морской воды при затоплении судна, содержащем радиоактивные материалы; Атомная энергия; Т. 98, вып. 1

Bibliographic Details
Parent link:Атомная энергия: теоретический и научно-технический журнал/ Российская академия наук ; Министерство РФ по атомной энергии, ядерного общества.— , 1956-.— 0004-7163
Т. 98, вып. 1.— 2005.— с. 61-71
Main Author: Ганул М. Н.
Other Authors: Кучин Н. Л., Сергеев И. В.
Language:Russian
Published: 2005
Series:Статьи
Subjects:
Format: Book Chapter
KOHA link:https://koha.lib.tpu.ru/cgi-bin/koha/opac-detail.pl?biblionumber=426192

MARC

LEADER 00000naa2a2200000 4500
001 426192
005 20231101074511.0
035 |a (RuTPU)RU\TPU\prd\84915 
035 |a RU\TPU\prd\34033 
090 |a 426192 
100 |a 20100701a2005 k y0rusy50 ca 
101 0 |a rus 
102 |a RU 
200 1 |a Моделированиеисточника загрязнения морской воды при затоплении судна, содержащем радиоактивные материалы  |f М. Н. Ганул, Н. Л. Кучин, И. В. Сергеев 
225 1 |a Статьи 
320 |a Библиогр.: 8 назв. 
461 1 |0 (RuTPU)RU\TPU\prd\33  |x 0004-7163  |t Атомная энергия  |o теоретический и научно-технический журнал  |f Российская академия наук ; Министерство РФ по атомной энергии, ядерного общества  |d 1956- 
463 1 |0 (RuTPU)RU\TPU\prd\84906  |t Т. 98, вып. 1  |v с. 61-71  |d 2005 
610 1 |a радиоактивное загрязнение 
610 1 |a морская среда 
610 1 |a затопление судов 
610 1 |a радионуклиды 
610 1 |a расчетные модели 
610 1 |a камерная модель переноса 
610 1 |a радиоактивные примеси 
610 1 |a источники загрязнения 
675 |a 551.46:539.16  |v 3 
700 1 |a Ганул  |b М. Н. 
701 1 |a Кучин  |b Н. Л. 
701 1 |a Сергеев  |b И. В. 
801 1 |a RU  |b 63413507  |c 20050322  |g PSBO 
801 2 |a RU  |b 63413507  |c 20100701  |g RCR 
942 |c BK